000 01024nam a2200229Ia 4500
001 L220-4350
003 IT-CnALBA
008 170116s9999||||xx |||||||||||||| ||und||
040 _aIT-CnALBA
_cIT-CnALBA
041 _aLATINO
100 _aCRISOSTOMO GIOVANNI, SANTO, DOTT.
245 0 _aSPN. CHRYSOSTOMI JOANNIS OPERUM PARS I. HOMILIAE IN VETUS TESTAMENTUM. GENESIM. TOMUS 70.
250 _a1a ed.
260 _a PARISIIS
_bPARENT-DESBARRES EDITOR
_c1834 [1° Ed.:1834 - Ed.Ling.Originale: 1834]
300 _a574 p.
500 _aRACCOLTA DEI SS. PADRI DELLA CHIESA. VITA DI S. GIOVANNI CRISOSTOMO. DALLA OMELIA PRIMA ALLA OMELIA XXXVII SULLA GENESI. TOMO 70.
501 _aSocietà San Paolo EM - Piazza San Paolo, 14 - 12051 ALBA (CN) (non commercial uses only) ® Copyright 2017
520 _aRACCOLTA DEI SS. PADRI DELLA CHIESA. VITA DI S. GIOVANNI CRISOSTOMO. DALLA OMELIA PRIMA ALLA OMELIA XXXVII SULLA GENESI. TOMO 70.
650 _aBIBBIA - TESTI E COMMENTI
942 _cBK
957 _71
999 _a5328
_bSI
_g Copie: 1
_c263536
_d263536